006750000a220014500045007730014000001000017000142450027000313000052000585000147001105200137002576500020003949420008004149520090004229990017005120 tTeartimes1 aAdams, Steve10aAn army of Good People aVol.0, núm.121 (Autumn 2008), Páginas 20-22 aEl artículo describe el trabajo conjunto de los donantes deTearfund y de la iglesia local en Mozambique para cuidar a los enfermos de SIDA. a- Ahora es uno de aquellos momentos. - La historia de Belinha - Un ejército de buena gente - El viaje del voluntario - La historia14aSIDA-MOZAMBIQUE cANA 001040708HEMaFUSBCbFUSBCd2016-01-26l0o r2016-01-26 00:00:00w2016-01-26yANA c62738d62738